Dictionary of scripture and ethics / (Record no. 54830)

MARC details
000 -LEADER
fixed length control field 01053nam a22002417a 4500
008 - FIXED-LENGTH DATA ELEMENTS--GENERAL INFORMATION
fixed length control field 190827b ||||| |||| 00| 0 eng d
020 ## - INTERNATIONAL STANDARD BOOK NUMBER
International Standard Book Number 9780801034060 (cloth)
020 ## - INTERNATIONAL STANDARD BOOK NUMBER
International Standard Book Number 080103406X (cloth)
050 ## - LIBRARY OF CONGRESS CALL NUMBER
Classification number BS680 .E84
Item number D53 2011
245 ## - TITLE STATEMENT
Title Dictionary of scripture and ethics /
Statement of responsibility, etc Joel B. Green, general editor ; Jacqueline E. Lapsley, Rebekah Miles, and Allen Verhey, associate editors.
260 ## - PUBLICATION, DISTRIBUTION, ETC. (IMPRINT)
Place of publication, distribution, etc Grand Rapids, Mich. :
Name of publisher, distributor, etc Baker Academic,
Date of publication, distribution, etc 2011
300 ## - PHYSICAL DESCRIPTION
Extent xix, 889 p. ;
Dimensions 27 cm
500 ## - GENERAL NOTE
General note Includes bibliographical references and index.
505 ## - FORMATTED CONTENTS NOTE
Formatted contents note |tEthics in Scripture /|rAllen Verhey --|tScripture in ethics : a history /|rCharles H. Cosgrove --|tScripture in ethics : methodological issues /|rBruce C. Birch -- |tEntries.
650 ## - SUBJECT ADDED ENTRY--TOPICAL TERM
Topical term or geographic name as entry element Ethics in the Bible
Form subdivision Dictionaries.
650 ## - SUBJECT ADDED ENTRY--TOPICAL TERM
Topical term or geographic name as entry element Christian ethics
General subdivision Biblical teaching
655 ## - INDEX TERM--GENRE/FORM
Non-focus term Dictionaries.
700 ## - ADDED ENTRY--PERSONAL NAME
Personal name Green, Joel B.,
Dates associated with a name 1956-
700 ## - ADDED ENTRY--PERSONAL NAME
Personal name Lapsley, Jacqueline E.,
Dates associated with a name 1965-
700 ## - ADDED ENTRY--PERSONAL NAME
Personal name Miles, Rebekah,
Dates associated with a name 1960-
700 ## - ADDED ENTRY--PERSONAL NAME
Personal name Verhey, Allen.
942 ## - ADDED ENTRY ELEMENTS (KOHA)
Source of classification or shelving scheme Library of Congress Classification
Item type Book
Holdings
Withdrawn status Lost status Source of classification or shelving scheme Damaged status Not for loan Collection code Home library Current library Shelving location Date acquired Source of acquisition Cost, normal purchase price Total Checkouts Full call number Barcode Copy number Price effective from Koha item type Date last seen
    Library of Congress Classification   Not For Loan Non-fiction Bishop Okullu Memorial Library (Limuru Campus) Bishop Okullu Memorial Library (Limuru Campus) Reference 27/08/2019 Donations - TBN 3200.00   REF BS680 .E84 D53 2011 062403 1 27/08/2019 Book  
    Library of Congress Classification   Not For Loan Non-fiction Bishop Okullu Memorial Library (Limuru Campus) Bishop Okullu Memorial Library (Limuru Campus) Reference 20/01/2020 Donation-TBN 3200.00   REF BS680 .E84 D53 2011 063547 4 20/01/2020 Book 05/12/2024
    Library of Congress Classification   Not For Loan Non-fiction Bishop Okullu Memorial Library (Limuru Campus) Bishop Okullu Memorial Library (Limuru Campus) Reference 17/12/2020 Donations TBN 3200.00   REF BS680 .E84 D53 2011 064785 5 17/12/2020 Book  
    Library of Congress Classification   Not For Loan Reference Joshua & Timothy School of Theology Library (JTSOT) Joshua & Timothy School of Theology Library (JTSOT) Reference 07/09/2021 Donations TBN 3200.00   REF BS680 .E84 D53 2011 066763 6 07/09/2021 Book  
    Library of Congress Classification   Not For Loan Non-fiction Joshua & Timothy School of Theology Library (JTSOT) Joshua & Timothy School of Theology Library (JTSOT) Reference 07/09/2021 Donations TBN 3200.00   REF BS680 .E84 D53 2011 066764 7 07/09/2021 Book  
    Library of Congress Classification   Not For Loan Non-fiction Nairobi Campus Nairobi Campus Reference 28/08/2019 Donations - TBN 3200.00   REF BS680 .E84 D53 2011 062493 2 28/08/2019 Book  
    Library of Congress Classification     Non-fiction Nakuru Campus Nakuru Campus General Circulation 28/08/2019 Donations - TBN 3200.00   BS680 .E84 D53 2011 062494 3 28/08/2019 Book